000 01175nam a2200265 a 4500
001 BRCA_22
005 20190320202840.0
008 960812s1996 mx-a---##b---s000-0#spa-#
020 _a9687009500
040 _aDLC
_cDLC
_dDLC
050 4 _aNE2314
_b.C37 1996
245 1 0 _aCasimiro Castro y su taller
_cCarlos Monsiváis ... [et al.].
260 _aMéxico
_bGobierno del Estado de México ; Instituto Mexiquense de Cultura ; Fomento Cultural Banamex
_c1996
300 _a204 p.
_bil. (algunas a color)
_c31 cm.
500 _aCatálogo de la exposición realizada en el Palacio de Iturbide (Ciudad de México), mayo-junio, 1996; y en los museos José María Velasco y Felipe S. Gutiérrez (Toluca, Estado de México), septiembre-noviembre, 1996.
500 _aEstado físico: encuadernado, enero 2013
504 _aBibliografía: p. 195
600 1 4 _aCastro, Casimiro
_d1826-1889
_vCatálogos
_9105
650 1 4 _aMéxico en el arte
_vExposiciones
_9106
650 1 4 _aLitografía
_ySiglo XIX
_zMéxico
_9107
650 1 4 _aPintura de paisajes
_ySiglo XIX
_zMéxico
_9108
653 0 _aLitografía mexicana - Siglo XIX
700 1 _aMonsiváis, Carlos
_d1938-
_9109
942 _2lcc
_cB
999 _c22
_d22